Welcome to CU Library Online Public Access Catalogue (OPAC)

Arterial system dynamics / (Record no. 2425)

MARC details
000 -LEADER
fixed length control field 00683pam a2200229 a 4500
001 - CONTROL NUMBER
control field 3824726
005 - DATE AND TIME OF LATEST TRANSACTION
control field 20241217150626.0
008 - FIXED-LENGTH DATA ELEMENTS--GENERAL INFORMATION
fixed length control field 860912s1987 nyua b 001 0 eng c
020 ## - INTERNATIONAL STANDARD BOOK NUMBER
International Standard Book Number 081475029X :
Terms of availability $30.00
050 00 - LIBRARY OF CONGRESS CALL NUMBER
Classification number QP106.2
Item number .L5 1987
082 00 - DEWEY DECIMAL CLASSIFICATION NUMBER
Classification number 612/.133
Edition information 19
100 1# - MAIN ENTRY--PERSONAL NAME
Personal name Li, John K-J.,
Dates associated with a name 1950-
245 10 - TITLE STATEMENT
Title Arterial system dynamics /
Statement of responsibility, etc. John K-J. Li.
260 ## - PUBLICATION, DISTRIBUTION, ETC.
Place of publication, distribution, etc. New York :
Name of publisher, distributor, etc. New York University Press,
Date of publication, distribution, etc. c1987.
300 ## - PHYSICAL DESCRIPTION
Extent xxii, 119 p. :
Other physical details ill. ;
Dimensions 24 cm.
440 #0 - SERIES STATEMENT/ADDED ENTRY--TITLE
Title New York University biomedical engineering series
650 #0 - SUBJECT ADDED ENTRY--TOPICAL TERM
Topical term or geographic name entry element Arteries.
650 #0 - SUBJECT ADDED ENTRY--TOPICAL TERM
Topical term or geographic name entry element Hemodynamics.
650 #0 - SUBJECT ADDED ENTRY--TOPICAL TERM
Topical term or geographic name entry element Rheology (Biology)
650 #2 - SUBJECT ADDED ENTRY--TOPICAL TERM
Topical term or geographic name entry element Arteries
General subdivision physiology.
942 ## - ADDED ENTRY ELEMENTS (KOHA)
Source of classification or shelving scheme Library of Congress Classification
Koha item type Books
Suppress in OPAC No
999 ## -
-- 2425
-- 2425
Holdings
Withdrawn status Lost status Source of classification or shelving scheme Damaged status Not for loan Collection Home library Current library Shelving location Date acquired Total checkouts Full call number Barcode Date last seen Copy number Price effective from Koha item type
    Library of Congress Classification     Non-fiction Science Library (Miotso) Science Library (Miotso) General stacks 12/17/2024   QP106.2 .L5 LI SLM00001725 12/17/2024 1 12/17/2024 Books
    Library of Congress Classification     Non-fiction Science Library (Miotso) Science Library (Miotso) General stacks 12/17/2024   QP106.2 .L5 LI SLM00001726 12/17/2024 2 12/17/2024 Books
    Library of Congress Classification     Non-fiction Science Library (Miotso) Science Library (Miotso) General stacks 12/17/2024   QP106.2 .L5 LI SLM00001727 12/17/2024 3 12/17/2024 Books
    Library of Congress Classification     Non-fiction Science Library (Miotso) Science Library (Miotso) General stacks 12/17/2024   QP106.2 .L5 LI SLM00001728 12/17/2024 4 12/17/2024 Books
    Library of Congress Classification     Non-fiction Science Library (Miotso) Science Library (Miotso) General stacks 12/17/2024   QP106.2 .L5 LI SLM00001729 12/17/2024 5 12/17/2024 Books
© 2023-2024 Copyright: Central University Libraries. All Rights Reserved | Created by: Mahone Tech Office